| 000 | 01175nam a2200277 i 4500 | ||
|---|---|---|---|
| 001 | 154514 | ||
| 003 | ES-MaACL | ||
| 005 | 20240425063224.0 | ||
| 008 | 960408s1848 sp |||| | spa d | ||
| 040 | _cES-MaACL | ||
| 100 | 1 |
_aGoñi, Facundo. _959077 _eaut |
|
| 245 | 1 | 0 |
_aTratado de las relaciones internacionales de España : _blecciones pronunciadas en el Ateneo de Madrid / _cpor Don Facundo Goñi. |
| 260 |
_aMadrid : _bRamón Rodríguez de Rivera, _c1848. |
||
| 300 |
_a265, [6] páginas ; _c24 cm. |
||
| 490 | 1 | _aBiblioteca de jurisprudencia y legislación | |
| 530 | _aDisponible en formato digital | ||
| 610 | 2 | 4 |
_aAteneo de Madrid- _vConferencias- _yS.XIX. _91910 |
| 651 | 4 |
_aEspaña- _xPolítica exterior- _xHistoria. _98427 |
|
| 830 | 1 |
_aBiblioteca de jurisprudencia y legislación _9187709 |
|
| 852 | 4 |
_aES-MaACL _cSPB _jB-366 _xHolandesa |
|
| 852 | 4 |
_aES-MaACL _cSPB _jB-2027 _xPiel |
|
| 856 | 4 |
_uhttps://patrimoniodocumental.icam.es/es/consulta/registro.do?id=87897 _yVersión en línea _z(Biblioteca del Ilustre Colegio de Abogados de Madrid) |
|
| 942 |
_cMONANT _n0 |
||
| 999 |
_c154514 _d154514 |
||